000
00302nam a2200121Ia 4500
008
190216s9999||||xx |||||||||||||| ||und||
100
_a
Mundoor Krishnan Kutty
245
0
_a
Nilapishukkulla Oru Rathriyil
260
_b
Poorna Pubs Kozhikode
300
_a
121
650
_a
Kathakal
942
_c
BK
999
_c
28146
_d
28146